000 01146nam a22002537a 4500
003 OSt
005 20250917180103.0
008 240326b ||||| |||| 00| 0 eng d
040 _c0
082 _aDPer 621.381 In821 September 2022 v. 37 n. 9
100 _aChen, Yahong.
_eauthor.
_955477
245 _aReduced-order system frequency response modeling for the power grid integrated with the type-II doubly-fed variable speed pumped storage units /
_cYahong Chen, Wei Xu, Yi Liu, Essam M. Rashad, Zhen Bao, Juncai Jiang, and Zhixin Mao.
260 _aNew York ;
_bThe Institute of Electrical and Electronics Engineers, Inc. ,
_cSeptember 2022.
300 _aVolume 37, pages 10994-11006 :
_billustration ;
_c28 cm.
500 _aIEEE Transitions on Power Electronics, v. 37 n. 9, pages 10994-11006, September 2022.
700 _aChen, Yahong.
_eauthor.
_955477
700 _aXu, Wei.
_eauthor.
_955478
700 _aLiu, Yi.
_eauthor.
_955479
700 _aRashad, Essam M.
_eauthor.
_955480
700 _aBao, Zhen.
_eauthor.
_955481
700 _aJiang, Juncai.
_eauthor.
_955482
700 _aMao, Zhixin.
_eauthor.
_955483
942 _2ddc
_cPER
999 _c19880
_d19880